00305nam a2200121Ia 4500008004100000041000800041082001800049100001500067245004500082260003300127300001600160365000700176240624s9999 xx 000 0 und d aeng a320.80954 AZI aAZIZ ABDUL aDECENTRALISED GOVERNACE AND PLANNING A C c2002aDelhibMacmillan India aviii, : 328 cRS